LEADER 00792nam0-22003011i-450- 001 990001839080403321 005 20021010 035 $a000183908 035 $aFED01000183908 035 $a(Aleph)000183908FED01 035 $a000183908 100 $a20021010d--------km-y0itay50------ba 101 0 $aita 200 1 $aRuggine dei crisantemi$fGiuseppe Lopriore. 210 $aCatania$c...$d1901. 215 $a8 p.$d24 cm 300 $aEstr. da: Nuova rassegna 610 0 $aChrysanthemum 676 $a635.933 55 700 1$aLopriore,$bGiuseppe$f<1865-1928> 801 0$aIT$bUNINA$gRICA$2UNIMARC 901 $aBK 912 $a990001839080403321 952 $a60 MISC. B 18/17$b$fFAGBC 959 $aFAGBC 996 $aRuggine dei crisantemi$9414433 997 $aUNINA DB $aING01 LEADER 01879nam0 2200421 i 450 001 VAN00100397 005 20241121085539.725 010 $a978-88-470-0600-3 017 70$2N$a9788847006010 100 $a20141229d2008 |0itac50 ba 101 $aita 102 $aIT 105 $a|||| ||||| 200 1 $aCalcolo stocastico per la finanza$fAndrea Pascucci 210 $aMilano$cSpringer$d2008 215 $aXV, 517 p.$d24 cm 410 1$1001VAN00104561$12001 $aUnitext. La matematica per il 3+2$1210 $aMilano [etc.]$cSpringer$d1988- 500 1$3VAN00243444$aCalcolo stocastico per la finanza$9716114 606 $a60G44$xMartingales with continuous parameter [MSC 2020]$3VANC020011$2MF 606 $a60Hxx$xStochastic analysis [MSC 2020]$3VANC019765$2MF 610 $aCalcolo stocastico$9KW:K 610 $aDerivate$9KW:K 610 $aEquazioni differenziali stocastiche$9KW:K 610 $aMarkov$9KW:K 610 $aQuantitative Finance$9KW:K 610 $aValutazioni di derivati$9KW:K 620 $dMilano$3VANL000284 700 1$aPascucci$bAndrea$3VANV078676$0475297 712 $aSpringer $3VANV108073$4650 801 $aIT$bSOL$c20241122$gRICA 856 4 $uhttps://doi.org/10.1007/978-88-470-0601-0$zE-book ? Accesso al full-text attraverso riconoscimento IP di Ateneo, proxy e/o Shibboleth 899 $aBIBLIOTECA DEL DIPARTIMENTO DI ECONOMIA$1IT-CE0106$2VAN03 899 $aBIBLIOTECA CENTRO DI SERVIZIO SBA$2VAN15 912 $aVAN00100397 950 $aBIBLIOTECA CENTRO DI SERVIZIO SBA$d15CONS SBA EBOOK 27 $e15EB 27 20150428 950 $aBIBLIOTECA DEL DIPARTIMENTO DI ECONOMIA$d03PREST VCa7 $e03BDE193 20150714 $sBuono 996 $aCalcolo stocastico per la finanza$9716114 997 $aUNICAMPANIA